00803nam a2200169Ia 4500008004100000020001800041050002000059100002100079245006400100260002200164300001100186440003100197500007500228505026400303650003800567700002800605121028s9999 xx 000 0 und d a84-89920-74-5 aRC552 F741 1999 aFRENCH, Barbara. aLa bulimia / Barbara French; traducción de Bibiana Lienas aBarcelona : Oniro a231 p. a( Salud y calidad de vida) aIncluye índice y bibliografía Traducción de: Coping with bulimia aPrólogo Introducción I. COMPRENDER LA BULIMIA 1. Qué es la bulimia 2. Incidencia de la bulimia 3. Características generales 4. Factores de riesgo 5. Cómo se inicia la enfermedad 6. Signos y síntomas 7. Efectos secundarios físicos y emocionales 8 aBulimia -- Obras de divulgación aLienas, Bibiana, tr.Ì